Statistiques concernant Top 15 des pays avec les décès de Covid-19 - 8 mai

Cliquez ici pour prendre le quiz!

Statistiques générales

  • Ce quiz a été pris 15 fois
  • Le résultat moyen est 15 sur 21

Statistiques - réponses

pays% Correct
Allemagne
100%
Chine
100%
Etats-Unis
100%
France
100%
Canada
93%
Espagne
93%
Italie
87%
Belgique
80%
Brésil
80%
Portugal
80%
Royaume-Uni
73%
Mexique
67%
Pays-Bas
67%
Suisse
67%
Iran
60%
Turquie
60%
Irlande
53%
Suède
47%
Suède
47%
Danemark
27%
Équateur
7%

Distribution des résultats

Percentile par nombre de réponses

% des personnes avec chaque résultat

Votre développement - résultats

Vous n’avez pas pris ce quiz